[Event "Regionalliga SW 9697"]
[Site "Bayern"]
[Date "1996.??.??"]
[Round "?"]
[White "Herbst, Armin"]
[Black "Lux, Werner"]
[Result "1-0"]
[WhiteElo "1955"]
[BlackElo "1735"]
[PlyCount "79"]
[EventDate "1996.10.??"]
[EventType "team-tourn"]
[EventRounds "9"]
[EventCountry "GER"]
[SourceTitle "EXT 1999"]
[Source "ChessBase"]
[SourceDate "1998.11.16"]
[SourceVersion "1"]
[SourceVersionDate "1998.11.16"]
[SourceQuality "1"]
[WhiteTeam "Obermenzing"]
[BlackTeam "Tuerkheim"]
[WhiteTeamCountry "GER"]
[BlackTeamCountry "GER"]

1. b3 b6 2. Bb2 Bb7 3. f4 d5 4. Nf3 c5 5. e3 Nc6 6. Bb5 a6 7. Bxc6+ Bxc6 8. 0-0 Nf6 9. Ne5 Bb7 10. d3 e6 11. Nd2 Be7 12. Qf3 Qc7 13. Qg3 Rg8 14. Ndf3 h6 15. Qh3 Nd7 16. f5 Nxe5 17. Nxe5 exf5 18. Qxf5 Bf6 19. e4 dxe4 20. Rae1 Qe7 21. dxe4 Bxe5 22. Bxe5 Qe6 23. Bc7 Rc8 24. Bxb6 c4 25. b4 Qxb6+ 26. Kh1 Qe6 27. Qf4 g5 28. Qe3 Kf8 29. Qd4 Ke7 30. Rf2 Rgd8 31. Qc3 Rf8 32. Ref1 f6 33. b5 axb5 34. Qb4+ Qd6 35. Qxb5 Rc7 36. e5 Qc6 37. exf6+ Rxf6 38. Qb4+ Kd7 39. Rd2+ Kc8 40. Qf8+ 1-0